Guess the country where these strange letters are used - Statistics

General Stats
  • This quiz has been taken 27 times
    19 since last reset
  • The average score is 6 of 12
Answer Stats
Picture Answer % Correct
China
100%
Greece
94%
Germany
88%
Japan
75%
Denmark | Norway
44%
Thailand
44%
Georgia
38%
Bosnia and Herzegovina | Croatia | Montenegro | North Macedonia | Serbia
25%
Myanmar
25%
Malta
19%
Sri Lanka
13%
France
6%
No matching quizzes found
Score Distribution
Percent of People with Each Score
Percentile by Number Answered
Your Score History
You have not taken this quiz since the last reset